បេសកកម្មស្វែងរកពន្លឺ / (Record no. 1536)

MARC details
000 -LEADER
fixed length control field 01979nam a22003137a 4500
001 - CONTROL NUMBER
control field 1536
003 - CONTROL NUMBER IDENTIFIER
control field FISKH
005 - DATE AND TIME OF LATEST TRANSACTION
control field 20230905135659.0
008 - FIXED-LENGTH DATA ELEMENTS--GENERAL INFORMATION
fixed length control field 230905b cb ||||| |||| 00| 0 khr d
020 ## - INTERNATIONAL STANDARD BOOK NUMBER
International Standard Book Number 9789924340508
040 ## - CATALOGING SOURCE
Original cataloging agency FISKH
Language of cataloging eng
Transcribing agency FISKH
Modifying agency FISKH
082 ## - DEWEY DECIMAL CLASSIFICATION NUMBER
Classification number 535
100 ## - MAIN ENTRY--PERSONAL NAME
Personal name Lymeng, Svay
245 ## - TITLE STATEMENT
Title បេសកកម្មស្វែងរកពន្លឺ /
Statement of responsibility, etc. និពន្ធដោយ ស្វាយ លីម៉េង - គូររូបដោយ មាសសុវណ្ណារ៉ា
246 ## - VARYING FORM OF TITLE
Title proper/short title The quest to find light
250 ## - EDITION STATEMENT
Edition statement បោះពុម្ពលើកទី៣ មិថុនា​ ២០២១
260 ## - PUBLICATION, DISTRIBUTION, ETC.
Place of publication, distribution, etc. Phnom Penh :
Name of publisher, distributor, etc. Sipar,
Date of publication, distribution, etc. 2021.
300 ## - PHYSICAL DESCRIPTION
Extent 27 pages :
Other physical details color illustrations ;
Dimensions 24 cm
490 ## - SERIES STATEMENT
Series statement រឿងដំបូងៗ
505 ## - FORMATTED CONTENTS NOTE
Formatted contents note G <br/>
520 ## - SUMMARY, ETC.
Summary, etc. នៅភូមិរបស់ស្រីពៅ ព្រះអាទិត្យឈប់រះហើយ។ នាងធ្វើដំណើរទៅជួបព្រះអាទិត្យ ដើម្បីរកដំណោះស្រាយ។ ទោះជាពុំមានការគាំទ្រពីមេភូមិ ស្រីពៅបានខិតខំច្នៃម៉ាស៊ីនដើម្បីហោះទៅជួបព្រះអាទិត្យ និងស្វែងរកពន្លឺមកជូនអ្នកភូមិនាងវិញ។
520 ## - SUMMARY, ETC.
Summary, etc. In Srey Pov's village, the sun has stopped shining. She travels to meet the sun to find a solution. Despite the lack of support from the village chief, Srey Pov tried to design a machine to fly to meet the sun and find light for her villagers.
521 8# - TARGET AUDIENCE NOTE
Target audience note 380<br/>
Source Lexile estimate
521 8# - TARGET AUDIENCE NOTE
Target audience note G<br/>
Source Raz-Plus<br/>
650 ## - SUBJECT ADDED ENTRY--TOPICAL TERM
Topical term or geographic name entry element ម៉ាស៊ីន
Form subdivision ពន្លឺ
General subdivision ដំណើរផ្សងព្រេង
650 ## - SUBJECT ADDED ENTRY--TOPICAL TERM
Topical term or geographic name entry element Machine
Form subdivision Light
General subdivision Adventure
700 ## - ADDED ENTRY--PERSONAL NAME
Personal name Sovannara, Meas
Relator term illustrator
942 ## - ADDED ENTRY ELEMENTS (KOHA)
Source of classification or shelving scheme Dewey Decimal Classification
Koha item type Books
Suppress in OPAC No
Holdings
Withdrawn status Lost status Source of classification or shelving scheme Damaged status Not for loan Collection Home library Current library Shelving location Date acquired Total Checkouts Full call number Barcode Date last seen Date last checked out Copy number Price effective from Koha item type
    Dewey Decimal Classification     Khmer-English Bilingual / ភាសាខ្មែរ-អង់គ្លេស Footprints International School Library Network Toul Kork Campus Footprints International School Library Network Toul Kork Campus TK Campus, Room B402, Khmer Book Case 16, Shelves 112-123 / ទូរសៀវភៅខ្មែរលេខ ១៦​ ធ្នើរ ១១២ ដល់ ១២៣ បន្ទប់ B402 សាខាទួលគោក 09/05/2023 1 LYM 535 2023-0478 11/10/2025 02/14/2025 1 09/05/2023 Books
    Dewey Decimal Classification     Khmer-English Bilingual / ភាសាខ្មែរ-អង់គ្លេស Footprints International School Library Network Toul Kork Campus Footprints International School Library Network Toul Kork Campus TK Campus, Room B402, Khmer Book Case 16, Shelves 112-123 / ទូរសៀវភៅខ្មែរលេខ ១៦​ ធ្នើរ ១១២ ដល់ ១២៣ បន្ទប់ B402 សាខាទួលគោក 09/05/2023 1 LYM 535 2023-0479 06/09/2025 12/03/2024 2 09/05/2023 Books